Caricamento...

Attitude of teachers, heads of schools, hearing impaired children and normal children towards integrated education programme and challenges encountered by the groups regarding the implementation of the programme

Dettagli Bibliografici
Autore principale: Kiliyayil, Resheed K
Natura: Electronic Thesis
Lingua:English
Accesso online:http://hdl.handle.net/10603/1550
LEADER 00699nam a2200169Ia 4500
001 1350
008 190202t ii ||||fom||| 00| 0 eng d
100 |a Kiliyayil, Resheed K 
245 |a Attitude of teachers, heads of schools, hearing impaired children and normal children towards integrated education programme and challenges encountered by the groups regarding the implementation of the programme 
300 |a 310p. 
502 |a Thesis (Ph. D.) -- Department of Education, University of Calicut, 
504 |a Includes bibliographical references (p. 284-310) and abstract. 
546 |a English 
796 |a Naseema, C 
856 |u http://hdl.handle.net/10603/1550 
952 |a ON  |c ETD  |y ETD 
999 |c etd1350